| 000 | 00930nam a2200241 a 4500 | ||
|---|---|---|---|
| 001 | 84081 | ||
| 003 | BD-RjUL | ||
| 005 | 20241006104319.0 | ||
| 008 | 241006s2019 bg a|||| m||| 00| 0 eng d | ||
| 035 | _a(BD-RjUL)84081 | ||
| 040 |
_aBD-RjUL _beng _cBD-RjUL _dBD-RjUL |
||
| 041 | _aeng | ||
| 082 |
_223 _a370.095492 _bAHP 2019 |
||
| 100 |
_aAhsan, Mohsina _913720 |
||
| 245 | 1 | 0 |
_aPostmethod Pedagogy and English Language Teaching in Bangladesh : _bChallenges and Potentials / _cBy Mohsina Ahsan ; _6Supervisor : M. Shahidullah |
| 260 |
_aRajshahi : _bInstitute of Bangladesh Studies, University of Rajshahi, _c2019 |
||
| 300 |
_axxii, 282 Leaves : _bill, ; _c29 cm. |
||
| 502 | _aThesis (Ph. D.) -- Institute of Bangladesh Studies, University of Rajshahi, 2019 | ||
| 504 | _aBibliography : Leaves [251]-261 | ||
| 650 |
_aEducation _vPedagogy _zBangladesh _913721 |
||
| 700 |
_aShahidullah, M. Supervisor _99164 |
||
| 942 |
_2ddc _cTHE |
||
| 999 |
_c84081 _d84081 |
||